El impacto de escenarios externos alternativos sobre la economía chilena en 1988-1989
Salvato in:
| Autore principale: | |
|---|---|
| Ente Autore: | |
| Natura: | Libro |
| Lingua: | spagnolo |
| Pubblicazione: |
Santiago
ILADES
1988
|
| Serie: | Investigación, ILADES, I-6
|
| Soggetti: | |
| Tags: |
Aggiungi Tag
Nessun Tag, puoi essere il primo ad aggiungerne!!
|
MARC
| LEADER | 00000nam a2200000 a 4500 | ||
|---|---|---|---|
| 001 | UCR8660 | ||
| 003 | CL-VaPUC | ||
| 008 | 980529e19880700CL |||||||||||||||||spa|d | ||
| 082 | 0 | 4 | |a 330.711 |b SCH |2 21 |
| 100 | 0 | |a Schmidt-Hebbel, Klaus |e author |9 410672 | |
| 110 | 2 | |a Programa de Postgrado de Economía ILADES-Georgetown University |e author |9 410673 | |
| 245 | 1 | 3 | |a El impacto de escenarios externos alternativos sobre la economía chilena en 1988-1989 |
| 300 | |a 46 p | ||
| 942 | |c BK | ||
| 945 | |d 19980529 00:00:00 |a crobeson | ||
| 260 | |a Santiago |b ILADES |c 1988 | ||
| 650 | 7 | |a EDUCACION DE POSTGRADO |2 CL-VaPUC |9 310729 | |
| 650 | 0 | |a Economía |9 255568 | |
| 650 | 7 | |a SITUACION ECONOMICA |2 CL-VaPUC |9 398312 | |
| 650 | 0 | |a Historia económica |9 307218 | |
| 651 | 7 | |a CHILE |2 CL-VaPUC |9 410674 | |
| 583 | |a last modification |c 19980529 00:00:00 |k Rodrigo Vera | ||
| 490 | 0 | |a Investigación, ILADES, I-6 | |
| 999 | |c 270056 |d 270054 | ||